00686 2200253 4500001002100000005001500021035002000036007000300056008004100059020002200100082000800122084001400130100001700144245009300161250001000254260004300264300003600307700001000343700001100353504002700364600001900391990001100410990001100421INLIS00000000000328620190608093248 a0010-0619000035ta190608 g 0 ind  a978-602-51766-5-4 a430 a430 PAN j0 aPANGESTU, D.1 aJago Ngomong Bahasa Jerman Sehari-hari /cD. Pangestu; editor, Surya; penyunting, Komala acet.1 aTanggerang Selatan :bCemerlang,c2018 avi, 143 hlm. :bilus. ;c19 cm.0 aSURYA0 aKOMALA aBibliografi : hlm. 143 4aBAHASA. JERMAN a6731 a a6731 b